US cities - Sudden Death - Statistics

General Stats
  • This quiz has been taken 119 times
  • The average score is 7 of 10
Answers on the Grid
Answers color-coded by a green-red scale on the quiz's grid according to % correct below.
Jacksonville
Anchorage
Santa Fe
Austin
Memphis
Albuquerque
Ocean City
Salem
Kailua
Yellowknife
Calgary
Edinburgh of the Seven Seas
Montego Bay
Bath
Derry
Galway
Casablanca
Christchurch
Port Elizabeth
Montgomery
 
Answer Stats
Answer % Correct
Memphis
88%
Austin
82%
Jacksonville
82%
Albuquerque
81%
Montgomery
76%
Santa Fe
74%
Salem
73%
Anchorage
64%
Ocean City
45%
Kailua
27%
No matching quizzes found
Score Distribution
Percent of People with Each Score
Percentile by Number Answered
Your Score History
You have not taken this quiz